000 00608nam a2200241Ia 4500
003 OSt
005 20221005114000.0
006 a|||||r|||| 00| 0
007 ta
008 221004b |||||||| |||| 00| 0 eng d
024 _a43717
037 _cTextual
040 _aCRL
_cCRL
_beng
041 _2eng
_aeng
082 _aO15:1D75:1, J4
100 _aAmaruka
245 0 _aAmarukasataka with the comm by Arjunadeva
260 _c1954
650 _a ENGLISH LITERATURE
650 _aSANSKRIT LITERATURE
942 _hO15:1D75:1, J4
_cTEXL
_2cc
999 _c1029941
_d1029941